Accessibility over availability: Associations between the school food environment and student fruit and green vegetable consumption

Saved in:  
Bibliographic Details
Authors: Terry-McElrath, Yvonne (Author) ; Johnston, Lloyd D. (Author) ; O'Malley, Patrick M. (Author)
Format: Electronic Article
Language:English
Published: 2014
In: Childhood obesity
Year: 2014, Volume: 10, Issue: 3, Pages: 241-250
Online Access: Volltext (kostenfrei)
Check availability: HBZ Gateway

MARC

LEADER 00000caa a22000002c 4500
001 1912448084
003 DE-627
005 20250116055001.0
007 cr uuu---uuuuu
008 241217s2014 xx |||||o 00| ||eng c
024 7 |a 10.1089/chi.2014.0011  |2 doi 
035 |a (DE-627)1912448084 
035 |a (DE-599)KXP1912448084 
040 |a DE-627  |b ger  |c DE-627  |e rda 
041 |a eng 
084 |a 2,1  |2 ssgn 
100 1 |a Terry-McElrath, Yvonne  |e VerfasserIn  |0 (DE-588)133187209  |0 (DE-627)691223211  |0 (DE-576)299680282  |4 aut 
109 |a Terry-McElrath, Yvonne  |a Terry-McElrath, Yvonne M.  |a McElrath, Yvonne Terry- 
245 1 0 |a Accessibility over availability: Associations between the school food environment and student fruit and green vegetable consumption 
264 1 |c 2014 
336 |a Text  |b txt  |2 rdacontent 
337 |a Computermedien  |b c  |2 rdamedia 
338 |a Online-Ressource  |b cr  |2 rdacarrier 
700 1 |a Johnston, Lloyd D.  |e VerfasserIn  |0 (DE-588)1043949569  |0 (DE-627)771097123  |0 (DE-576)161602762  |4 aut 
700 1 |a O'Malley, Patrick M.  |e VerfasserIn  |4 aut 
773 0 8 |i Enthalten in  |t Childhood obesity  |d Thousand Oaks, Calif. : Sage Publications, 2010  |g 10(2014), 3, Seite 241-250  |h Online-Ressource  |w (DE-627)679129618  |w (DE-600)2639910-6  |w (DE-576)354446002  |x 2153-2176  |7 nnas 
773 1 8 |g volume:10  |g year:2014  |g number:3  |g pages:241-250 
787 0 8 |i Forschungsdaten  |a Johnston, Lloyd D.  |t Monitoring the Future: A Continuing Study of American Youth (12th-Grade Survey), 2012  |d [Erscheinungsort nicht ermittelbar] : [Verlag nicht ermittelbar], 2013  |w (DE-627)1840045833 
787 0 8 |i Forschungsdaten  |a Johnston, Lloyd D.  |t Monitoring the Future: A Continuing Study of American Youth (8th- and 10th-Grade Surveys), 2012  |d [Erscheinungsort nicht ermittelbar] : [Verlag nicht ermittelbar], 2013  |w (DE-627)1840045825 
787 0 8 |i Forschungsdaten  |a Johnston, Lloyd D.  |t Monitoring the Future: A Continuing Study of American Youth (12th-Grade Survey), 2011  |d [Erscheinungsort nicht ermittelbar] : [Verlag nicht ermittelbar], 2012  |w (DE-627)1840049162 
787 0 8 |i Forschungsdaten  |a Johnston, Lloyd D.  |t Monitoring the Future: A Continuing Study of American Youth (12th-Grade Survey), 2009  |d [Erscheinungsort nicht ermittelbar] : [Verlag nicht ermittelbar], 2010  |w (DE-627)1840053321 
787 0 8 |i Forschungsdaten  |a Johnston, Lloyd D.  |t Monitoring the Future: A Continuing Study of American Youth (12th-Grade Survey), 2008  |d [Erscheinungsort nicht ermittelbar] : [Verlag nicht ermittelbar], 2009  |w (DE-627)1840054123 
787 0 8 |i Forschungsdaten  |a Johnston, Lloyd D.  |t Monitoring the Future: A Continuing Study of American Youth (8th- and 10th-Grade Surveys), 2011  |d [Erscheinungsort nicht ermittelbar] : [Verlag nicht ermittelbar], 2012  |w (DE-627)1840049197 
787 0 8 |i Forschungsdaten  |a Johnston, Lloyd D.  |t Monitoring the Future: A Continuing Study of American Youth (12th-Grade Survey), 2010  |d [Erscheinungsort nicht ermittelbar] : [Verlag nicht ermittelbar], 2011  |w (DE-627)1840049979 
787 0 8 |i Forschungsdaten  |a Johnston, Lloyd D.  |t Monitoring the Future: A Continuing Study of American Youth (8th- and 10th-Grade Surveys), 2009  |d [Erscheinungsort nicht ermittelbar] : [Verlag nicht ermittelbar], 2010  |w (DE-627)1840053313 
787 0 8 |i Forschungsdaten  |a Johnston, Lloyd D.  |t Monitoring the Future: A Continuing Study of American Youth (8th- and 10th-Grade Surveys), 2008  |d [Erscheinungsort nicht ermittelbar] : [Verlag nicht ermittelbar], 2009  |w (DE-627)1840054115 
787 0 8 |i Forschungsdaten  |a Johnston, Lloyd D.  |t Monitoring the Future: A Continuing Study of American Youth (8th- and 10th-Grade Surveys), 2010  |d [Erscheinungsort nicht ermittelbar] : [Verlag nicht ermittelbar], 2011  |w (DE-627)1840049987 
787 0 8 |i Forschungsdaten  |a Johnston, Lloyd D.  |t Youth, Education, and Society Supplement: School Health Policies and Practices Survey, 2006-2014  |d [Erscheinungsort nicht ermittelbar] : [Verlag nicht ermittelbar], 2016  |w (DE-627)1902793552 
856 |u https://www.ncbi.nlm.nih.gov/pmc/articles/4088349  |x unpaywall  |z Vermutlich kostenfreier Zugang  |h repository [deprecated] 
856 4 0 |u https://doi.org/10.1089/chi.2014.0011  |x Resolving-System  |z kostenfrei  |3 Volltext  |7 0 
935 |a mkri 
951 |a AR 
ELC |a 1 
LOK |0 000 xxxxxcx a22 zn 4500 
LOK |0 001 4637413567 
LOK |0 003 DE-627 
LOK |0 004 1912448084 
LOK |0 005 20241217044123 
LOK |0 008 241217||||||||||||||||ger||||||| 
LOK |0 035   |a (DE-2619)ICPSR124353 
LOK |0 040   |a DE-2619  |c DE-627  |d DE-2619 
LOK |0 092   |o n 
LOK |0 852   |a DE-2619 
LOK |0 852 1  |9 00 
LOK |0 935   |a nacp 
LOK |0 939   |a 17-12-24  |b l01 
OAS |a 1 
ORI |a SA-MARC-krimdoka001.raw